000 00663nam a2200205 i 4500
001 94583
003 ES-MaACL
005 20230906181520.0
007 t|
008 050509s1967 sp ||||1| spa d
100 1 _aLourido Díaz, Ramón.
_974330
245 1 0 _aEnsayo historiográfico sobre el sultanato de sidi Muhammad B. Abad Allah. (1757-1790) /
_cRamón Lourido Díaz.
260 _aGranada :
_bUniversidad,
_c1967.
300 _a76 p. ;
_c22 cm.
490 1 _aCuadernos de historia del Islam
710 2 _aUniversidad de Granada.
_97176
830 0 _aCuadernos de historia del Islam
_9232151
852 _aES-MaACL
_jC-33744
999 _c94583
_d94583